Statistics for Stockholms Tunnelbanestationer

Click here to take the quiz!

General Stats

  • This quiz has been taken 1 139 times
  • The average score is 50 of 100

Answers on the Map

Answers color-coded by a green-red scale on the quiz's map according to % correct below.
 

Answer Stats

Answer% Correct
T-Centralen
92%
Gamla Stan
87%
Slussen
85%
Kungsträdgården
79%
Akalla
76%
Solna Centrum
74%
Odenplan
73%
Fridhemsplan
72%
Farsta
71%
Hässelby Strand
70%
Ropsten
70%
Mörby Centrum
69%
Medborgarplatsen
68%
Globen
67%
Hötorget
67%
Östermalmstorg
67%
Gullmarsplan
66%
Hjulsta
65%
Alvik
64%
Liljeholmen
64%
Farsta Strand
63%
Mariatorget
63%
Hagsätra
62%
Rinkeby
62%
Skarpnäck
62%
S:t Eriksplan
62%
Skanstull
61%
Fruängen
60%
Kista
60%
Rådhuset
60%
Norsborg
59%
Tensta
59%
Hornstull
58%
Tekniska Högskolan
58%
Universitetet
58%
Stadion
57%
Rådmansgatan
56%
Zinkensdamm
56%
Vällingby
55%
Brommaplan
54%
Hallonbergen
53%
Gärdet
52%
Hässelby Gård
52%
Danderyds Sjukhus
51%
Karlaplan
51%
Västra Skogen
51%
Sundbybergs Centrum
50%
Telefonplan
49%
Husby
48%
Midsommarkransen
47%
Abrahamsberg
45%
Åkeshov
45%
Fittja
45%
Kristineberg
45%
Thorildsplan
45%
Alby
44%
Blåsut
44%
Skärholmen
44%
Stora Mossen
43%
Rissne
42%
Bagarmossen
41%
Blackeberg
41%
Islandstorget
41%
Rågsved
41%
Stadshagen
41%
Bergshamra
40%
Gubbängen
40%
Högdalen
40%
Råcksta
40%
Skärmarbrink
40%
Skogskyrkogården
39%
Solna Strand
39%
Näckrosen
38%
Aspudden
37%
Bredäng
37%
Enskede Gård
37%
Duvbo
36%
Hammarbyhöjden
36%
Hökarängen
36%
Mälarhöjden
36%
Vårby Gård
36%
Axelsberg
35%
Hallunda
34%
Huvudsta
34%
Örnsberg
34%
Sätra
34%
Hägerstensåsen
33%
Johannelund
33%
Bandhagen
32%
Masmo
32%
Svedmyra
32%
Kärrtorp
31%
Västertorp
31%
Ängbyplan
30%
Tallkrogen
30%
Vårberg
30%
Björkhagen
28%
Sockenplan
28%
Stureby
28%
Sandsborg
26%

Score Distribution

Percentile by Number Answered

Percent of People with Each Score

Your Score History

You have not taken this quiz